| 000 | 00606nam a2200229Ia 4500 | ||
|---|---|---|---|
| 003 | OSt | ||
| 005 | 20220924123616.0 | ||
| 006 | a|||||r|||| 00| 0 | ||
| 007 | ta | ||
| 008 | 220923b |||||||| |||| 00| 0 ben d | ||
| 024 | _a299932 | ||
| 037 | _cTextual | ||
| 040 |
_aARTS _cARTS _bben |
||
| 041 |
_2ben _aben |
||
| 082 | _aTv, 157M4 | ||
| 100 |
_aGoswami Harisadhan _9193283 |
||
| 245 | 0 | _aShiksha bijnan o sanskriti | |
| 260 |
_aNew Delhi _b Dibyendu Hota India _c1960 |
||
| 650 | _aEDUCATION | ||
| 942 |
_hTv, 157M4 _cTEXL _2CC |
||
| 999 |
_c416412 _d416412 |
||